Nervous disorders and religion : (Record no. 7322)

MARC details
000 -LEADER
fixed length control field 00957pam a2200277 i 4500
001 - CONTROL NUMBER
control field 1808075
003 - CONTROL NUMBER IDENTIFIER
control field GBCCL
005 - DATE AND TIME OF LATEST TRANSACTION
control field 20241126110625.0
008 - FIXED-LENGTH DATA ELEMENTS--GENERAL INFORMATION
fixed length control field 801205r19811951ctu b 000 0 eng
010 ## -
-- 79008719
020 ## - INTERNATIONAL STANDARD BOOK NUMBER
International Standard Book Number 0313221928 (lib. bdg.)
040 ## - CATALOGING SOURCE
Original cataloging agency DLC
Transcribing agency DLC
Modifying agency DLC
050 00 -
-- BV4012
-- .M293 1981
082 00 - DEWEY DECIMAL CLASSIFICATION NUMBER
Classification number 253.5
Edition information 19
Item number MCK
100 1# - MAIN ENTRY--PERSONAL NAME
Personal name McKenzie, John Grant,
Dates associated with a name 1882-
9 (RLIN) 12964
245 10 - TITLE STATEMENT
Title Nervous disorders and religion :
Remainder of title a study of souls in the making /
Statement of responsibility, etc. by John G. McKenzie.
260 ## - PUBLICATION, DISTRIBUTION, ETC.
Place of publication, distribution, etc. Newyork :
Name of publisher, distributor, etc. Collier book,
Date of publication, distribution, etc. 1962.
300 ## - PHYSICAL DESCRIPTION
Extent 160 p. ;
Dimensions 22 cm.
500 ## - GENERAL NOTE
General note Reprint of the 1951 ed. published by G. Allen and Unwin, London, which was issued as Tate lectures, 1947.
504 ## - BIBLIOGRAPHY, ETC. NOTE
Bibliography, etc. note Includes bibliographical references.
650 #0 - SUBJECT ADDED ENTRY--TOPICAL TERM
Topical term or geographic name entry element Pastoral psychology.
9 (RLIN) 176
650 #0 - SUBJECT ADDED ENTRY--TOPICAL TERM
Topical term or geographic name entry element Psychotherapy.
9 (RLIN) 12965
830 #0 -
-- Tate lectures ;
-- 1947.
-- 12966
906 ## - LOCAL DATA ELEMENT F, LDF (RLIN)
a 7
b cbc
c orignew
d u
e ocip
f 19
g y-gencatlg
942 ## - ADDED ENTRY ELEMENTS (KOHA)
Source of classification or shelving scheme Dewey Decimal Classification
Koha item type Books
Holdings
Withdrawn status Lost status Source of classification or shelving scheme Damaged status Not for loan Home library Current Library Shelving location Date acquired Total checkouts Full call number Barcode Date last seen Copy number Price effective from Koha item type
    Dewey Decimal Classification     GRACE BIBLE COLLEGE GRACE BIBLE COLLEGE Ministry & Mission 2018-07-27   253.5 MCK 000960 2025-05-01 c.1 2018-07-27 Books
© Grace Bible College Library 2025